Our Chemical Lives (Record no. 335066)
[ view plain ]
| 000 -LEADER | |
|---|---|
| fixed length control field | 00507nam a2200097Ia 4500 |
| 008 - FIXED-LENGTH DATA ELEMENTS--GENERAL INFORMATION | |
| fixed length control field | 170517s9999 xx 000 0 und d |
| 245 ## - TITLE STATEMENT | |
| Title | Our Chemical Lives |
| 300 ## - PHYSICAL DESCRIPTION | |
| Extent | The chemical industry began to accelerate following World War II. Today, chemicals are so omnipresent in our lives that many times we are unaware of our daily interactions with them. Their presence is often insidious, and lax regulatory guidelines... |
| 650 ## - SUBJECT ADDED ENTRY--TOPICAL TERM | |
| General subdivision | Technology. |
| 856 ## - ELECTRONIC LOCATION AND ACCESS | |
| Uniform Resource Identifier | <a href="http://topdocumentaryfilms.com/our-chemical-lives/">http://topdocumentaryfilms.com/our-chemical-lives/</a> |
| Withdrawn status | Lost status | Damaged status | Home library | Current library | Date acquired | Total Checkouts | Date last seen | Price effective from | Koha item type |
|---|---|---|---|---|---|---|---|---|---|
| College Library | College Library | 05/17/2017 | 05/17/2017 | 05/17/2017 | Documentary Films |